| 000 | 00356nam a2200121Ia 4500 | ||
|---|---|---|---|
| 008 | 240719s9999 xx 000 0 und d | ||
| 041 | _aeng | ||
| 082 | _a153.94 ZAI | ||
| 100 | _aZaidi S. Z. H. | ||
| 245 | _aSuggested Answers To Questions Set At The Final | ||
| 260 |
_aNoida _bBoard Of Studies, Noida _c2005 |
||
| 520 | _aGifted By : IMT Faculty Dr.Pawan sir | ||
| 999 |
_c41328 _d41328 |
||